00522nam a2200145 a 450000500170000000800410001702000180005805000290007624500910010526000570019630000210025352100070027465000410028165000540032220140310183557.0111121s19uu xx 00 eng d a9780521717724 aQA 76.167 b.C144 2010  aThe cambridge handbook of informaion and computer ethics /cedited by Luciano Floridi. aUnited Kingdom :bCambridge University press,c2010. a327 p. :c26 cm. aIT aComputersxMoral and ethical aspects aInformation technologyxMoral and ethical aspects